000
00331nam a22001457a 4500
003
SGT
020
_a
978-0-19-969676-5
082
_a
616.89, N12G
100
_a
GELDER, MICHAEL G.
245
_a
NEW OXFORD TB. OF PSYCHIATRY
260
_a
NEW YORK
_b
OXFORD
_c
2012
300
_a
2014
650
_a
PSYCHIATRY
942
_2
ddc
_c
BK
_0
9
999
_c
8411
_d
8411